The new kid can win this battle (Record no. 78501)
[ view plain ]
| 000 -LEADER | |
|---|---|
| fixed length control field | 01407cab a22002295a 4500 |
| 001 - CONTROL NUMBER | |
| control field | L136944 |
| 008 - FIXED-LENGTH DATA ELEMENTS--GENERAL INFORMATION | |
| fixed length control field | 070306e2007 xxk 000 0 eng d |
| 035 ## - SYSTEM CONTROL NUMBER | |
| System control number | (Sirsi) u136944 |
| 041 0# - LANGUAGE CODE | |
| Language code of text/sound track or separate title | eng |
| 100 1# - MAIN ENTRY--PERSONAL NAME | |
| Personal name | Oliver, Marie-Christine |
| 245 04 - TITLE STATEMENT | |
| Title | The new kid can win this battle |
| 260 ## - PUBLICATION, DISTRIBUTION, ETC. | |
| Date of publication, distribution, etc. | 2007 |
| 490 #0 - SERIES STATEMENT | |
| Series statement | Building |
| Volume/sequential designation | 272(8469) 2 March 2007, 64-65(2) |
| 520 ## - SUMMARY, ETC. | |
| Summary, etc. | Compares the JCT'S new partnering agreement, Constructing Excellence, with two older partnering contracts, NEC X12 and PPC2000. Suggests that Constructing Excellence more user friendly, has a more collaborative approach to risk management, and is less process-driven than NEC and requires less bespoke drafting of supporting documents than PPC2000. However, in Constructing Excellence the projects teams' role is only advisory and the contract does not specify how its decisions are to be taken. Also compares each contract against the following criteria: the form, the collaborative statement, duty of care, project management, risk management, extensions of time and claims for money, performance monitoring, and pain and gain sharing. |
| 590 ## - LOCAL NOTE (RLIN) | |
| Local note | KA |
| 650 24 - SUBJECT ADDED ENTRY--TOPICAL TERM | |
| Topical term or geographic name entry element | JCT CONSTRUCTING EXCELLENCE CONTRACT (2006 EDITION) |
| 650 24 - SUBJECT ADDED ENTRY--TOPICAL TERM | |
| Topical term or geographic name entry element | NEC PARTNERING OPTION X12 1ST ED |
| 650 24 - SUBJECT ADDED ENTRY--TOPICAL TERM | |
| Topical term or geographic name entry element | PPC2000 |
| 651 #4 - SUBJECT ADDED ENTRY--GEOGRAPHIC NAME | |
| Geographic name | United Kingdom |
| Chronological subdivision | |
| 690 ## - LOCAL SUBJECT ADDED ENTRY--TOPICAL TERM (OCLC, RLIN) | |
| Topical term or geographic name as entry element | BUILT ENVIRONMENT-BUILDING CONTRACT FORMS-STANDARD FORMS OF BUILDING CONTRACT |
| 942 ## - ADDED ENTRY ELEMENTS (KOHA) | |
| Suppress in OPAC | 0 |
| Withdrawn status | Lost status | Source of classification or shelving scheme | Damaged status | Not for loan | Home library | Current library | Shelving location | Date acquired | Total Checkouts | Full call number | Barcode | Date last seen | Copy number | Price effective from | Koha item type |
|---|---|---|---|---|---|---|---|---|---|---|---|---|---|---|---|
| Dewey Decimal Classification | London | London | Journal article | 06/03/2007 | L136944 | 136944-1001 | 06/08/2019 | 1 | 06/08/2019 | Journal article |